000 00356nam a2200133Ia 4500
008 240624s9999 xx 000 0 und d
041 _aeng
082 _a332.632 PAR
100 _aPARAMESWARAN SUNIL
245 _aFUNDAMENTALS OF FINANCIAL INSTRUMENTS AN
260 _c2015
_aNew Delhi
_bWiley India
300 _axv, : 560. : cm. ; 23
365 _cRS
_b27.5
999 _c27739
_d27739